000 00925cam a2200265 a 4500
001 vtls003211724
003 MY-SjTCS
005 20200226114451.0
008 110218s2009 ne a b 001 0 eng
020 _a9789048124459 (hbk.)
020 _a9789048124466 (hbk.)
039 9 _a201102181717
_bVLOAD
_c201102181717
_dVLOAD
_c201012131739
_dwilmina
_y201010251514
_zmalathy
082 0 4 _a615.580846
_bMID 2009
100 1 _aMidlöv, Patrik.
_949373
245 1 0 _aDrug-related problems in the elderly /
_cPatrik Midlöv, Tommy Eriksson, Annika Kragh.
260 _aDordrecht :
_bSpringer,
_cc2009.
300 _axi, 135 p. :
_bill. ;
_c24 cm.
504 _aIncludes bibliographical references and index.
650 0 _aGeriatric pharmacology.
_940187
650 0 _aDrugs
_xSide effects.
_941540
700 1 _aEriksson, Tommy,
_cDr.
700 1 _aKragh, Annika.
_949374
710 2 _aSpringer (Firm)
920 _aPHA : 153667
999 _c132941